000 00599cam a2200205 4500500
005 20260329001404.0
041 _afre
042 _adc
100 1 0 _aPrévost, Anne-Vanessa
_eauthor
245 0 0 _aHannah Arendt, l’apatride
260 _c2006.
500 _a34
690 _aAmérique
690 _aHannah Arendt
690 _aHeidegger
690 _aNazisme
690 _aTotalitarisme
786 0 _nPhilosophie magazine | 5 | 12 | 2006-12-01 | p. 18-19 | 1951-1787
856 4 1 _uhttps://shs.cairn.info/magazine-philosophie-magazine-2006-12-page-18?lang=fr&redirect-ssocas=7080
999 _c1804927
_d1804927